| 000 | 00773pam a2200229 a 4500 | ||
|---|---|---|---|
| 001 | 3940682 | ||
| 005 | 20250516154909.0 | ||
| 008 | 930421s1994 mnua b 001 0 eng | ||
| 020 | _a0314025294 (alk. paper) | ||
| 050 | 0 | 0 |
_aHF5549 _b.M3349 1994 |
| 082 | 0 | 0 |
_a658.3 _220 |
| 100 | 1 |
_aMathis, Robert L., _d1944- |
|
| 245 | 1 | 0 |
_aHuman resource management / _cRobert L. Mathis, John H. Jackson. |
| 250 | _a7th ed. | ||
| 260 |
_aMinneapolis : _bWest Pub. Co., _cc1994. |
||
| 300 |
_axxviii, 656 p. : _bill. ; _c26 cm. |
||
| 500 | _aUpdated ed. of: Personnel/human resource management. 6th ed. c1991. | ||
| 650 | 0 | _aPersonnel management. | |
| 700 | 1 | _aJackson, John Harold. | |
| 700 | 1 |
_aMathis, Robert L., _d1944- _tPersonnel/human resource management. |
|
| 942 |
_2lcc _cBK _n0 |
||
| 999 |
_c5822 _d5822 |
||